000 00937cam a2200289 a 4500
001 2906
005 20250827092432.0
020 _a0590464787
040 _aDLC
_cDLC
_dDLC
_beng
050 0 0 _aTH9148.G47
_b1984
082 0 0 _a628.925
100 1 _aGibbons, Gail
245 1 0 _aFire! Fire! /
_cby Gail Gibbons.
250 _aFirst Scholastic printing , September 1992
260 _aNew York :
_bScholastic ,
_c1984
300 _a36 unnumbered pages :
_bcolor illustrations ;
_c18 cm .
505 _aQ
520 _aViews fire fighters fighting fires in the city, in the country, in the forest, and on the waterfront.
521 _a660
_bLexile
521 _aQ
_bRaz-Plus
650 0 _aFire prevention
_xJuvenile literature.
650 0 _aFire extinction
_xJuvenile literature.
650 1 _aFire extinction.
650 1 _aFire fighters.
906 _a7
_bcbc
_corignew
_d1
_eocip
_f19
_gy-gencatlg
942 _2ddc
_cBK
_n0
999 _c2906
_d2906